Návrh, energetické a ekonomické vyhodnotenie systému tepelného čerpadla vzduch-voda pre prípravu teplej vody v rodinnom dome

Na minha lista:
Detalhes bibliográficos
Autor principal: Víghová, Ildikó (Author)
Outros Autores: Havelský, Václav (Thesis advisor)
Formato: Manuscrito Livro
Idioma:eslovaco
Publicado em: 2016
Assuntos:
Acesso em linha:http://is.stuba.sk/zp/portal_zp.pl?podrobnosti=133122
Tags: Adicionar Tag
Sem tags, seja o primeiro a adicionar uma tag!

MARC

LEADER 00000ntm a22000003a 4500
001 stuzp57874
003 SK-STU
005 20160719155405.5
007 ta
008 150427s2015----xo-----f-mn---000-0-slo-d
040 |a STU  |b slo 
041 0 |a slo 
100 1 |a Víghová, Ildikó  |u 020060  |4 aut  |U SjF Strojnícka fakulta  |T SjF Ústav energetických strojov a zariadení  |X 44439  |U J0060  |Y 805  |7 44439 
242 0 1 |a Design, energy and economic evaluation of the heat pumps air - water for the preparation hot water in a family house  |y eng 
245 1 0 |a Návrh, energetické a ekonomické vyhodnotenie systému tepelného čerpadla vzduch-voda pre prípravu teplej vody v rodinnom dome 
260 |c 2016 
650 4 |a vzduch, efektívnosť  |2 slo 
650 4 |a hrubá návratnosť investície  |2 slo 
650 4 |a vzduch  |2 slo 
650 4 |a tepelné čerpadlo  |2 slo 
650 4 |a heat pump  |2 eng 
650 4 |a air  |2 eng 
650 4 |a effectiveness  |2 eng 
650 4 |a gross return of investment  |2 eng 
700 1 |a Havelský, Václav  |4 ths  |X 2454  |7 A000002454 
856 4 |u http://is.stuba.sk/zp/portal_zp.pl?podrobnosti=133122 
996 |b 284J043945  |c J* 2235/BP  |l JJSK  |s A  |a 24  |w stuzp57874_0001 
SQL |a stuzp57874  |b DBP  |c SLO  |d Návrh, energetické a ekonomické vyhodnotenie systému tepelného čerpadla vzduch-voda pre prípravu teplej vody v rodinnom dome  |e 44439  |f Víghová, Ildikó  |g 020060  |h 2454  |i Havelský, Václav  |j 20160613  |k 1126  |l 02  |m http://is.stuba.sk/zp/portal_zp.pl?podrobnosti=133122  |n B-ESZ  |o 5.2.6. energetické stroje a zariadenia